Introduction to the study of aircraft vibration and flutter (Record no. 594311)
[ view plain ]
| 000 -LEADER | |
|---|---|
| fixed length control field | 00906cam a22002651 4500 |
| 001 - CONTROL NUMBER | |
| control field | 6964463 |
| 005 - DATE AND TIME OF LATEST TRANSACTION | |
| control field | 20230327094938.0 |
| 008 - FIXED-LENGTH DATA ELEMENTS--GENERAL INFORMATION | |
| fixed length control field | 760129s1951 nyua b 000 0 eng |
| 010 ## - LIBRARY OF CONGRESS CONTROL NUMBER | |
| LC control number | 51010864 |
| 035 ## - SYSTEM CONTROL NUMBER | |
| System control number | (OCoLC)1953252 |
| 040 ## - CATALOGING SOURCE | |
| Original cataloging agency | DLC |
| Transcribing agency | DSI |
| Modifying agency | OCoLC |
| -- | DLC |
| 050 00 - LIBRARY OF CONGRESS CALL NUMBER | |
| Classification number | TL574.V5 |
| Item number | S35 |
| 082 ## - DEWEY DECIMAL CLASSIFICATION NUMBER | |
| Classification number | 629.13236 |
| Author Mark | SCA |
| 100 1# - MAIN ENTRY--PERSONAL NAME | |
| Personal name | Scanlan, Robert H. |
| 9 (RLIN) | 42885 |
| 245 00 - TITLE STATEMENT | |
| Title | Introduction to the study of aircraft vibration and flutter |
| Statement of responsibility, etc. | [by] Robert H. Scanlan [and] Robert Rosenbaum. |
| 260 ## - PUBLICATION, DISTRIBUTION, ETC. | |
| Place of publication, distribution, etc. | New York, |
| Name of publisher, distributor, etc. | Macmillan |
| Date of publication, distribution, etc. | [1951] |
| 300 ## - PHYSICAL DESCRIPTION | |
| Extent | x, 428 p. |
| Other physical details | illus. |
| Dimensions | 25 cm. |
| 504 ## - BIBLIOGRAPHY, ETC. NOTE | |
| Bibliography, etc. note | Bibliography: p. 357-378. |
| 650 #0 - SUBJECT ADDED ENTRY--TOPICAL TERM | |
| Topical term or geographic name entry element | Vibration (Aeronautics) |
| 9 (RLIN) | 111415 |
| 650 #0 - SUBJECT ADDED ENTRY--TOPICAL TERM | |
| Topical term or geographic name entry element | Flutter (Aerodynamics) |
| 9 (RLIN) | 111416 |
| 700 1# - ADDED ENTRY--PERSONAL NAME | |
| Personal name | Rosenbaum, R. A. |
| Fuller form of name | (Robert A.), |
| Relator term | joint author. |
| 9 (RLIN) | 111417 |
| 740 0# - ADDED ENTRY--UNCONTROLLED RELATED/ANALYTICAL TITLE | |
| Uncontrolled related/analytical title | Aircraft vibration and flutter. |
| 906 ## - LOCAL DATA ELEMENT F, LDF (RLIN) | |
| a | 7 |
| b | cbc |
| c | oclcrpl |
| d | u |
| e | ncip |
| f | 19 |
| g | y-gencatlg |
| 942 ## - ADDED ENTRY ELEMENTS (KOHA) | |
| Source of classification or shelving scheme | |
| Koha item type | Book |
| Withdrawn status | Lost status | Source of classification or shelving scheme | Damaged status | Not for loan | Permanent Location | Current Location | Shelving location | Date acquired | Full call number | Barcode | Date last seen | Price effective from | Koha item type |
|---|---|---|---|---|---|---|---|---|---|---|---|---|---|
| School of Mechanical & Manufacturing Engineering (SMME) | School of Mechanical & Manufacturing Engineering (SMME) | Aerospace Engineering | 03/27/2023 | 629.13236 SCA | SMME-4212 | 03/27/2023 | 03/27/2023 | Book |
